Normal view MARC view

Entry Personal Name

Number of records used in: 2

001 - CONTROL NUMBER

  • control field: 5493

003 - CONTROL NUMBER IDENTIFIER

  • control field: OSt

005 - DATE AND TIME OF LATEST TRANSACTION

  • control field: 20220106142701.0

008 - FIXED-LENGTH DATA ELEMENTS

  • fixed length control field: 220106|| aca||aabn | a|a d

040 ## - CATALOGING SOURCE

  • Original cataloging agency: OSt
  • Transcribing agency: OSt

100 ## - HEADING--PERSONAL NAME

  • Personal name: Bovet, Daniel, P. and Cesati, Marco

670 ## - SOURCE DATA FOUND

  • Source citation: Work cat.: (OSt): Bovet, Daniel, P. and Cesati, Marco , Understanding the linux kernel

Powered by Koha